Statistics for Football Word Chain #1

Click here to take the quiz!

General Stats

  • This quiz has been taken 74 times
  • The average score is 13 of 16

Answer Stats

Answer% Correct
Mohamed Salah is from this countryEgypt
97%
Brazilian striker nicknamed R9Ronaldo
95%
Where Alan Shearer bagged most of his 260 Premier League goalsNewcastle
90%
Only country to win 3 major tournaments in a row (2 Euros, 1 World Cup)Spain
90%
Ivorian striker who scored the UCL-winning penalty for Chelsea in 2012 against Bayern MunichDrogba
86%
Most successful Greek club in historyOlympiacos
86%
Plant that is on Nottingham Forest's badgeTree
86%
Merseyside club nicknamed 'The Toffees'Everton
84%
Legendary Soviet keeper who was the only goalie to win the Ballon d'OrYashin
76%
Silva, De Gea, BeckhamDavid
73%
Animal on the German FA logoEagle
73%
First name of Aston Villa's World Cup winning Argentine keeperEmiliano
71%
Czech winger who scored 84 goals whilst playing for Lazio and JuventusNedvěd
71%
Brazilian wonder kid who introduced himself to the world at Chelsea, but now playing in ChinaOscar
67%
Manchester United winger nicknamed 'fidget spinner'Antony
65%
Ligue 1 club with an eagle on the badgeNice
48%

Score Distribution

Percentile by Number Answered

Percent of People with Each Score

Your Score History

You have not taken this quiz